000 01847cam a22003854i 4500
001 17195215
005 20170105102908.0
008 120305s2012 enk b 001 0 eng
010 _a 2012009528
020 _a9780230295438
040 _aDLC
_beng
_cDLC
_erda
_dDLC
042 _apcc
043 _ae-----
_aa-----
050 0 0 _aJZ6010
_b.H45 2012
082 0 0 _a327.1/72095
_223
084 _aPOL009000
_aPOL011010
_aPOL034000
_aPOL040020
_aPOL012000
_2bisacsh
100 1 _aHeo, Seunghoon Emilia,
_d1970-
245 1 0 _aReconciling enemy states in Europe and Asia /
_cSeunghoon Emilia Heo, the University of Tokyo and United Nations University, Japan.
300 _axii, 194 pages :
_billustrations ;
_c23 cm.
490 0 _aInternational relations and development series
504 _aIncludes bibliographical references (pages 159-180) and index.
650 0 _aReconciliation
_xHistory.
650 0 _aPacific settlement of international disputes
_xHistory.
650 0 _aPeace-building
_zEurope
_xHistory.
650 0 _aPeace-building
_zAsia
_xHistory.
650 7 _aPOLITICAL SCIENCE / Government / Comparative.
_2bisacsh
650 7 _aPOLITICAL SCIENCE / International Relations / Diplomacy.
_2bisacsh
650 7 _aPOLITICAL SCIENCE / Peace.
_2bisacsh
650 7 _aPOLITICAL SCIENCE / Government / International.
_2bisacsh
650 7 _aPOLITICAL SCIENCE / Political Freedom & Security / International Security.
_2bisacsh
856 4 2 _3Cover image
_uhttp://www.netread.com/jcusers2/bk1388/438/9780230295438/image/lgcover.9780230295438.jpg
906 _a7
_bcbc
_corignew
_d1
_eecip
_f20
_gy-gencatlg
942 _2ddc
_cBK
999 _c14978
_d14978